[Event "FIDE Women's Candidates"]
[Site "Chongqing CHN"]
[Date "2023.03.29"]
[Round "1"]
[White "Tan,Zhongyi"]
[Black "Lei,Tingjie"]
[Result "1-0"]
[WhiteElo "2526"]
[BlackElo "2545"]
[EventDate "2023.03.27"]

1. c4 e5 2. d3 Bb4+ 3. Nd2 c5 4. Ngf3 Nc6 5. g3 d6 6. Bg2 Nge7 7. O-O Bxd2
8. Bxd2 h6 9. a3 a5 10. b4 axb4 11. axb4 Rxa1 12. Qxa1 Nxb4 13. Bxb4 cxb4
14. Rb1 Nc6 15. d4 Bf5 16. Rc1 O-O 17. d5 Nb8 18. c5 dxc5 19. Nxe5 f6 20.
Nc4 Nd7 21. Ne3 Bg6 22. d6 Kh7 23. Nd5 Qa8 24. Qb2 Qa6 25. Nf4 Qxd6 26.
Nxg6 Kxg6 27. Qc2+ f5 28. Rd1 Qe7 29. Bh3 Ne5 30. Rd5 Qe6 31. Qxc5 Nd7 32.
Rxd7 Qxd7 33. Qxf8 Qd1+ 34. Bf1 b3 35. Qe8+ Kh7 36. Qb5 f4 37. e3 fxe3 38.
Qd3+ 1-0

[Event "FIDE Women's Candidates"]
[Site "Chongqing CHN"]
[Date "2023.03.30"]
[Round "2"]
[White "Lei,Tingjie"]
[Black "Tan,Zhongyi"]
[Result "1-0"]
[WhiteElo "2545"]
[BlackElo "2526"]
[EventDate "2023.03.27"]

1. d4 d5 2. c4 e6 3. Nf3 dxc4 4. e4 b5 5. a4 c6 6. Nc3 Bb4 7. Bd2 Qb6 8.
Be2 Ne7 9. Qc2 Bb7 10. b3 cxb3 11. Qxb3 a5 12. axb5 cxb5 13. Bxb5+ Bc6 14.
Bd3 Nd7 15. O-O O-O 16. Rab1 Rfb8 17. Bf4 Rd8 18. Na2 Nf6 19. Bg5 Rab8 20.
d5 Be8 21. Qb2 Ng6 22. Rfc1 h6 23. Be3 Qb7 24. Nxb4 axb4 25. Ra1 Rbc8 26.
Rxc8 Qxc8 27. Qxb4 exd5 28. e5 Ne4 29. Rc1 Qe6 30. Qa5 Rb8 31. Qc7 Ra8 32.
h3 Qe7 33. Qxe7 Nxe7 34. Nd4 Ng6 35. e6 fxe6 36. Nxe6 Bf7 37. Nc7 Rd8 38.
Bd4 Nf4 39. Ba6 Ng5 40. Be5 Ng6 41. Bd4 Nf4 42. h4 Nge6 43. Nxe6 Nxe6 44.
Be5 h5 45. Bd3 Re8 46. f4 Rd8 47. Kf2 Nf8 48. Rc6 Ra8 49. Bf5 Nh7 50. Ke3
Ra3+ 51. Bc3 Ra8 52. Rd6 Re8+ 53. Be5 Nf6 54. Ra6 Ne4 55. Kd4 Ng3 56. Bd3
Ne4 57. Ra7 Rc8 58. Bc7 Re8 59. Be5 Rc8 60. Ra3 Kf8 61. Rb3 Ra8 62. Rb8+
Rxb8 63. Bxb8 g6 64. Ke5 Kg7 65. Ba7 Ng3 66. Bd4 Kf8 67. Kd6 Nf5+ 68. Bxf5
gxf5 69. Ke5 Be8 70. Kxf5 Bd7+ 71. Kg5 Bg4 72. Kg6 Be2 73. f5 Bd3 74. g3
Kg8 75. Kxh5 Bxf5 76. g4 Bd3 77. Kh6 Kf7 78. h5 Ke6 79. Kg7 1-0

[Event "FIDE Women's Candidates"]
[Site "Chongqing CHN"]
[Date "2023.03.31"]
[Round "3"]
[White "Tan,Zhongyi"]
[Black "Lei,Tingjie"]
[Result "1/2-1/2"]
[WhiteElo "2526"]
[BlackElo "2545"]
[EventDate "2023.03.27"]

1. d4 d5 2. c4 e6 3. Nc3 c5 4. cxd5 exd5 5. Nf3 Nc6 6. dxc5 d4 7. Na4 Bxc5
8. Nxc5 Qa5+ 9. Bd2 Qxc5 10. b4 Qb6 11. Qa4 a6 12. e3 dxe3 13. fxe3 Rb8 14.
b5 axb5 15. Qxb5 Qxb5 16. Bxb5 Nf6 17. Ne5 O-O 18. Nxc6 bxc6 19. Bxc6 Ba6
20. Bf3 Rfe8 21. Kf2 Rb2 22. Rhd1 Ne4+ 23. Bxe4 Rxe4 24. Rab1 Reb4 25. Rxb2
Rxb2 26. a4 f5 27. Ke1 Bd3 28. a5 g5 29. Ra1 Rb1+ 30. Rxb1 Bxb1 31. Bb4 Be4
32. g3 g4 33. Kd2 Kf7 34. Kc3 Ke6 35. Kd4 Kd7 36. a6 Kc6 37. Bc5 Kb5 38. a7
Ka6 39. Ke5 Kb7 40. Kd6 Bd3 1/2-1/2

[Event "FIDE Women's Candidates"]
[Site "Chongqing CHN"]
[Date "2023.04.02"]
[Round "4"]
[White "Lei,Tingjie"]
[Black "Tan,Zhongyi"]
[Result "1-0"]
[WhiteElo "2545"]
[BlackElo "2526"]
[EventDate "2023.03.27"]

1. d4 d5 2. c4 e6 3. Nf3 Nf6 4. g3 Be7 5. Bg2 O-O 6. O-O dxc4 7. Qa4 a6 8.
Qxc4 b5 9. Qc2 Bb7 10. Bd2 Be4 11. Qc1 Nc6 12. Be3 Rc8 13. Rd1 Nd5 14. Nbd2
Nxe3 15. fxe3 Bxf3 16. exf3 Nb4 17. a3 Nd5 18. Nb3 f5 19. Rd3 Kh8 20. Qc6
Nb6 21. Na5 e5 22. Rc1 Bf6 23. Bh3 g6 24. d5 Bg7 25. e4 Qg5 26. Qc2 Rf7 27.
Rf1 Rcf8 28. b3 Nc8 29. Nb7 fxe4 30. fxe4 Rxf1+ 31. Bxf1 Qf6 32. Bh3 Qb6+
33. Nc5 Nd6 34. Kh1 Rf7 35. Be6 Rf1+ 36. Kg2 Ra1 37. Qf2 Rxa3 38. Rf3 Qb8
39. Bd7 h6 40. Ne6 Qb6 41. Qb2 Qa5 42. Rf2 Nxe4 43. Qc2 Qe1 44. Re2 Qc3 45.
Qxe4 Rxb3 46. Qxg6 Qf3+ 47. Kh3 Qf1+ 48. Rg2 Qf6 49. Qxf6 Bxf6 50. Rf2 Bg5
51. Kg4 e4 52. Rf8+ Kh7 53. h4 Bd2 54. Nd4 Kg7 55. Nxb3 Kxf8 56. Nxd2 e3
57. Nf3 Ke7 58. Bc6 1-0